Catalog

Record Details

Catalog Search



The strong shall live [CD/sound recording] ; Keep ... Read More

Available copies

  • 1 of 1 copy available at LARL/NWRL Consortium.
  • 1 of 1 copy available at Northwest Regional Library. (Show preferred library)

Current holds

0 current holds with 1 total copy.

Show Only Available Copies
Location Call Number / Copy Notes Barcode Shelving Location Status Due Date
Warroad Public Library BOOK-ON-CD LAM (Text) 35500005279417 Main Available -

Record details

  • ISBN: 9780739358849
  • ISBN: 0739358847
  • Physical Description: 3 sound discs (ca. 3 hours) : digital ; 4 3/4 in.
  • Publisher: [New York] : Random House Audio, 1997.

Content descriptions

General Note:
"Three audio dramatizations."--Cover note.
Formatted Contents Note:
Disc 1. The strong shall live -- Disc 2. Keep ... Read More
Genre: Audiobooks.
Western stories.
LDR 01164nim a2200277Ka 4500
001112398
003LARL_NWRL_CONSORTIUM
00520080221021036.0
007sd fungnn||||d
008080221p19971987nyunnn f eng d
020 . ‡a9780739358849
020 . ‡a0739358847
02802. ‡aRHCD2257 ‡bRandom House Audio
035 . ‡a(OCoLC)194205662
040 . ‡aOWL ‡cOWL
1001 . ‡aL'Amour, Louis, ‡d1908-1988. ‡0(LARL_NWRL_CONSORTIUM)2194
24514. ‡aThe strong shall live ‡h[CD/sound recording] ; ‡bKeep travelin' rider ; Strawhouse trail / ‡cLouis L'Amour.
260 . ‡a[New York] : ‡bRandom House Audio, ‡c1997.
300 . ‡a3 sound discs (ca. 3 hours) : ‡bdigital ; ‡c4 3/4 in.
500 . ‡a"Three audio dramatizations."--Cover note.
5050 . ‡aDisc 1. The strong shall live -- Disc 2. Keep travelin' rider -- Disc 3. Strawhouse trail.
655 0. ‡aAudiobooks. ‡0(LARL_NWRL_CONSORTIUM)175801
655 7. ‡aWestern stories. ‡2gsafd
901 . ‡a112398 ‡bISxN ‡c112398 ‡tbiblio

Additional Resources